| 000 | 00401nam a2200169Ia 4500 | ||
|---|---|---|---|
| 008 | 250129s2024 xx 000 0 und d | ||
| 020 | _a9789389261899 | ||
| 041 | _aeng | ||
| 082 | _a610.73074 | ||
| 100 | _asukhpal Kaur | ||
| 245 | _aNursing Research& 21st Century | ||
| 250 | _a2nd Ed | ||
| 260 |
_aDelhi _bCBS PUB. _c2024 |
||
| 300 | _a644P | ||
| 650 | _aNursing Research | ||
| 700 | _aSingh | ||
| 999 |
_c1208427 _d1208427 |
||